[Event "NAYCC U16 w"]
[Site "Montreal CAN"]
[Date "2010.08.19"]
[Round "7"]
[White "Lam, Fiona"]
[Black "Lee, Melissa"]
[Result "1-0"]
[WhiteElo "1804"]
[BlackElo "1261"]
[PlyCount "91"]
[EventDate "2010.08.16"]
[EventType "tourn"]
[EventRounds "6"]
[EventCountry "CAN"]

1. e4 c5 2. Nf3 d6 3. d4 cxd4 4. Nxd4 Nf6 5. Nc3 Nc6 6. Be3 g6 7. f3 Bg7 8. Qd2
O-O 9. O-O-O Bd7 10. g4 a6 11. h4 Nxd4 12. Bxd4 b5 13. Kb1 Rb8 14. h5 a5 15.
Nd5 Be6 16. Nxf6+ exf6 17. hxg6 fxg6 18. Qh2 Kf7 19. Ba7 Rb7 20. Be3 Rh8 21.
Rxd6 Rd7 22. Rxd7+ Qxd7 23. Bd3 a4 24. Qe2 Qb7 25. Bd4 b4 26. Bc4 Qc6 27. Bb5
Qd6 28. Rd1 b3 29. Bxf6 bxa2+ 30. Ka1 Qb4 31. Bxg7 Kxg7 32. c3 Qc5 33. Bxa4 Rb8
34. Qd2 Qa5 35. Qd4+ Kf7 36. Bc6 Rb6 37. Bd5 Qa6 38. Bxe6+ Kxe6 39. Qd5+ Ke7
40. Qxa2 Qb5 41. c4 Qc6 42. Qa3+ Kf7 43. Qd3 Qf6 44. Qd7+ Kf8 45. Qd8+ Kf7 46.
Rd7+ 1-0

[Event "NAYCC U16 w"]
[Site "Montreal CAN"]
[Date "2010.08.19"]
[Round "7"]
[White "Matlin, Anna"]
[Black "Zhang, Wenyue"]
[Result "1-0"]
[WhiteElo "2078"]
[BlackElo "1402"]
[PlyCount "89"]
[EventDate "2010.08.16"]
[EventType "tourn"]
[EventRounds "6"]
[EventCountry "CAN"]

1. d4 Nf6 2. c4 g6 3. Nc3 Bg7 4. e4 d6 5. Nf3 O-O 6. Be2 c5 7. dxc5 dxc5 8. O-O
Nc6 9. Qc2 Bg4 10. Rd1 Qc7 11. Be3 Ne5 12. Nxe5 Bxe2 13. Qxe2 Qxe5 14. f4 Qh5
15. Qxh5 Nxh5 16. Rd7 Bxc3 17. bxc3 b6 18. e5 e6 19. Kf2 Ng7 20. Ke2 Nf5 21.
Bf2 h5 22. a4 a5 23. Rb7 Rfc8 24. Rb1 Kf8 25. R1xb6 Ke8 26. Rb5 Ne7 27. Rxc5
Nc6 28. Kd3 Rd8+ 29. Bd4 Rdc8 30. h3 Ra6 31. g4 Raa8 32. gxh5 gxh5 33. Rcb5
Rcb8 34. Rxb8+ Rxb8 35. Rxb8+ Nxb8 36. Ke4 Nd7 37. c5 Kd8 38. c6 Nb8 39. Bb6+
Kc8 40. Bxa5 Nxc6 41. Bb4 Kb7 42. Kf3 Ka6 43. Kg3 Na5 44. Bxa5 Kxa5 45. Kh4 1-0

[Event "NAYCC U18"]
[Site "Montreal CAN"]
[Date "2010.08.16"]
[Round "1"]
[White "Desrivieres, Gerald"]
[Black "Dumont, Felix"]
[Result "0-1"]
[WhiteElo "743"]
[BlackElo "2070"]
[PlyCount "70"]
[EventDate "2010.08.16"]
[EventType "swiss"]
[EventRounds "7"]
[EventCountry "CAN"]

1. e4 c5 2. Nf3 d6 3. Bc4 e6 4. Nc3 Nf6 5. d3 Nc6 6. Be3 Be7 7. a3 O-O 8. h3 a6
9. O-O Bd7 10. Qd2 b5 11. Bh6 bxc4 12. Qg5 Ne8 13. Qg3 Kh8 14. Qf4 gxh6 15.
Qxh6 Rg8 16. h4 cxd3 17. Ng5 Bxg5 18. hxg5 Qxg5 19. Qxg5 Rxg5 20. cxd3 Nd4 21.
f4 Rg3 22. Kh2 Rxd3 23. Rac1 Rd2 24. Rb1 Rb8 25. Nd1 Ba4 26. Rf2 Rxd1 27. Rxd1
Bxd1 28. Rd2 Bc2 29. b4 Bxe4 30. bxc5 dxc5 31. Rf2 Nf6 32. a4 Ng4+ 33. Kg3 Nxf2
34. Kxf2 Rb2+ 35. Ke3 Re2# 0-1

[Event "NAYCC U18"]
[Site "Montreal CAN"]
[Date "2010.08.16"]
[Round "1"]
[White "Lee, Brendon"]
[Black "Mai, Lloyd"]
[Result "0-1"]
[WhiteElo "1428"]
[BlackElo "2366"]
[PlyCount "68"]
[EventDate "2010.08.16"]
[EventType "swiss"]
[EventRounds "7"]
[EventCountry "CAN"]

1. e4 c5 2. Nf3 d6 3. d4 cxd4 4. Nxd4 Nf6 5. Nc3 g6 6. Be3 Bg7 7. f3 O-O 8. Qd2
Nc6 9. Bc4 Bd7 10. g4 Ne5 11. Bb3 b5 12. O-O-O b4 13. Nd5 Nxd5 14. Bxd5 Rb8 15.
Bg5 a5 16. h4 Qe8 17. b3 e6 18. Bc4 Nxc4 19. bxc4 Qc8 20. Qd3 Re8 21. h5 h6 22.
Be3 g5 23. f4 gxf4 24. Bd2 e5 25. Nf5 Bxf5 26. gxf5 Qc6 27. Rhg1 Rbc8 28. f6
Qxc4 29. Rxg7+ Kh8 30. Be1 Qxa2 31. c3 Qa3+ 32. Kc2 b3+ 33. Kb1 Qa2+ 34. Kc1
b2+ 0-1

[Event "NAYCC U18"]
[Site "Montreal CAN"]
[Date "2010.08.16"]
[Round "1"]
[White "Martchenko, Alexander"]
[Black "Poulin, Mathieu"]
[Result "1/2-1/2"]
[WhiteElo "2384"]
[BlackElo "2056"]
[PlyCount "67"]
[EventDate "2010.08.16"]
[EventType "swiss"]
[EventRounds "7"]
[EventCountry "CAN"]

1. e4 c6 2. d4 d5 3. Nc3 dxe4 4. Nxe4 Bf5 5. Ng3 Bg6 6. N1e2 e6 7. Nf4 Bd6 8.
c3 Nf6 9. h4 Qc7 10. Qf3 Nd5 11. Nxd5 cxd5 12. h5 Bc2 13. Bb5+ Nd7 14. h6 g6
15. Bg5 Bf5 16. Nxf5 gxf5 17. g3 a6 18. Bd3 Nb6 19. O-O-O Rg8 20. Bh4 Rg6 21.
Rhe1 Kd7 22. Qh5 Rf8 23. Re2 Nc4 24. Kb1 Kc8 25. Bg5 Kb8 26. Rh1 Rfg8 27. f4
Rc8 28. Rf1 Bf8 29. Qh2 Nd6 30. Qh4 Qb6 31. Ka1 f6 32. Bxf6 Rxh6 33. Qg5 Rg6
34. Qh4 1/2-1/2

[Event "NAYCC U18"]
[Site "Montreal CAN"]
[Date "2010.08.16"]
[Round "1"]
[White "Shen, Victor"]
[Black "Posaratnanathan, Roy"]
[Result "1-0"]
[WhiteElo "2339"]
[BlackElo "1179"]
[PlyCount "35"]
[EventDate "2010.08.16"]
[EventType "swiss"]
[EventRounds "7"]
[EventCountry "CAN"]

1. e4 c5 2. Nf3 Nc6 3. d4 cxd4 4. Nxd4 Nf6 5. Nc3 d6 6. h3 Bd7 7. g4 h6 8. Bg2
e5 9. Nf5 Bxf5 10. exf5 Be7 11. Be3 a6 12. O-O O-O 13. Kh1 Rc8 14. f4 b6 15. g5
hxg5 16. fxg5 Nd7 17. Qg4 f6 18. Bd5+ 1-0

[Event "NAYCC U18"]
[Site "Montreal CAN"]
[Date "2010.08.16"]
[Round "2"]
[White "Dumont, Felix"]
[Black "Shen, Victor"]
[Result "0-1"]
[WhiteElo "2070"]
[BlackElo "2339"]
[PlyCount "79"]
[EventDate "2010.08.16"]
[EventType "swiss"]
[EventRounds "7"]
[EventCountry "CAN"]

1. e4 c5 2. c4 Nc6 3. Nf3 e6 4. Nc3 Nf6 5. d4 cxd4 6. Nxd4 d6 7. Be2 Be7 8. O-O
O-O 9. Be3 a6 10. Qd2 Ne5 11. h3 Qc7 12. b3 b6 13. f4 Ned7 14. Bf3 Bb7 15. f5
e5 16. Nc2 Nc5 17. Bxc5 dxc5 18. Ne3 Rfd8 19. Ned5 Bxd5 20. Nxd5 Qb7 21. Qc3
Nxd5 22. cxd5 Rac8 23. Be2 b5 24. a4 c4 25. axb5 Bc5+ 26. Kh1 Bd4 27. bxa6 Qa7
28. Qc2 cxb3 29. Qxb3 Bxa1 30. Rxa1 Qd4 31. Qa2 Qxe4 32. a7 h6 33. Bf3 Qd4 34.
d6 e4 35. d7 Ra8 36. Bh5 Rxd7 37. Rd1 Qxa7 38. Rxd7 Qxa2 39. Bxf7+ Qxf7 40.
Rxf7 0-1

[Event "NAYCC U18"]
[Site "Montreal CAN"]
[Date "2010.08.16"]
[Round "2"]
[White "Lee, Brendon"]
[Black "Martchenko, Alexander"]
[Result "0-1"]
[WhiteElo "1890"]
[BlackElo "2384"]
[PlyCount "110"]
[EventDate "2010.08.16"]
[EventType "swiss"]
[EventRounds "7"]
[EventCountry "CAN"]

1. e4 c5 2. Nf3 Nc6 3. d3 e6 4. Nbd2 d5 5. g3 Nf6 6. Bg2 Be7 7. O-O b5 8. Re1
Bb7 9. e5 Nd7 10. h4 Qc7 11. Qe2 a5 12. Nf1 b4 13. h5 h6 14. Bf4 Ba6 15. Qd2
Nb6 16. c3 c4 17. d4 a4 18. g4 a3 19. bxa3 bxc3 20. Qxc3 Bb5 21. Qb2 Na7 22.
Ne3 Na4 23. Qc2 Qa5 24. Nd2 Rc8 25. Bg3 Bxa3 26. f4 Qc3 27. Qd1 Qxd4 28. Kh2
Nc3 29. Nc2 Qd3 30. Bf1 Qh7 31. Nxa3 Nxd1 32. Nxb5 Nxb5 33. Rexd1 Qc2 34. Be1
O-O 35. a4 Nd4 36. Kg1 Nb3 37. Nxb3 Qxb3 38. a5 Qe3+ 39. Kg2 Qxf4 40. Bg3 Qxg4
41. a6 c3 42. Rdc1 c2 43. a7 Qd4 44. Ba6 Qg4 45. Bxc8 Rxc8 46. a8=Q Qe2+ 47.
Kg1 Rxa8 48. Rxa8+ Kh7 49. Raa1 d4 50. Re1 Qg4 51. Ra3 Qd1 52. Ra1 Qxh5 53. Kf2
Qf5+ 54. Ke2 Qg4+ 55. Kf2 d3 0-1

[Event "NAYCC U18"]
[Site "Montreal CAN"]
[Date "2010.08.16"]
[Round "2"]
[White "Mai, Lloyd"]
[Black "Klusa, Mark"]
[Result "1-0"]
[WhiteElo "2366"]
[BlackElo "922"]
[PlyCount "61"]
[EventDate "2010.08.16"]
[EventType "swiss"]
[EventRounds "7"]
[EventCountry "CAN"]

1. e4 d6 2. d4 Nf6 3. Nc3 g6 4. Bc4 Bg7 5. Qe2 Nc6 6. e5 Nxd4 7. exf6 Nxe2 8.
fxg7 Rg8 9. Ngxe2 Rxg7 10. Bg5 Be6 11. Bxe6 fxe6 12. O-O-O Qd7 13. f4 O-O-O 14.
Rhe1 Rf7 15. Nd4 e5 16. fxe5 Qg4 17. Be3 c6 18. h3 Qxg2 19. Ne6 Rd7 20. Nf4 Qf3
21. e6 Rxf4 22. exd7+ Kxd7 23. Bxf4 Qxf4+ 24. Kb1 e5 25. Rf1 Qh4 26. Rf7+ Ke6
27. Rxb7 Qxh3 28. Ne4 Qg4 29. Rxd6+ Kf5 30. Rf6+ Kxe4 31. Rb4+ 1-0

[Event "NAYCC U18"]
[Site "Montreal CAN"]
[Date "2010.08.16"]
[Round "2"]
[White "Poulin, Mathieu"]
[Black "Desrivieres, Gerald"]
[Result "1-0"]
[WhiteElo "1955"]
[BlackElo "743"]
[PlyCount "99"]
[EventDate "2010.08.16"]
[EventType "swiss"]
[EventRounds "7"]
[EventCountry "CAN"]

1. d4 d5 2. c4 Nf6 3. cxd5 Nxd5 4. e4 Nb6 5. Nc3 e6 6. Nf3 h6 7. Be3 Bb4 8. Be2
Bxc3+ 9. bxc3 a6 10. O-O N6d7 11. a4 Nc6 12. Bc4 b6 13. Bf4 Na5 14. Ba2 Bb7 15.
d5 exd5 16. exd5 O-O 17. c4 Nc5 18. Re1 Qd7 19. Bb1 Nxc4 20. Qc2 f5 21. Qxc4
Bxd5 22. Qc3 Bxf3 23. Qxf3 Kh8 24. Bc2 Qf7 25. Qc3 Ne4 26. Bxe4 fxe4 27. Rxe4
Qf6 28. Qxf6 Rxf6 29. Bxc7 Rc8 30. Be5 Rfc6 31. g3 Kh7 32. Rd1 Rc4 33. Rxc4
Rxc4 34. Rd7 Kg6 35. Rd6+ Kf5 36. Bxg7 Rxa4 37. Rxb6 a5 38. Bxh6 Ra1+ 39. Kg2
a4 40. Ra6 Ra2 41. h4 Kg4 42. Ra5 Rxf2+ 43. Kxf2 a3 44. Rg5+ Kh3 45. Kf3 a2 46.
Ra5 Kh2 47. Rxa2+ Kg1 48. Ra1+ Kh2 49. Bf4 Kh3 50. Rh1# 1-0

[Event "NAYCC U18"]
[Site "Montreal CAN"]
[Date "2010.08.17"]
[Round "3"]
[White "Klusa, Mark"]
[Black "Desrivieres, Gerald"]
[Result "1-0"]
[WhiteElo "922"]
[BlackElo "743"]
[PlyCount "105"]
[EventDate "2010.08.16"]
[EventType "swiss"]
[EventRounds "7"]
[EventCountry "CAN"]

1. d4 d5 2. c4 Nf6 3. Nc3 dxc4 4. e3 a6 5. Bxc4 Nc6 6. h3 Bf5 7. Qf3 e6 8. a3
h6 9. Nge2 Bd6 10. e4 Bg6 11. e5 Bxe5 12. dxe5 Nxe5 13. Qxb7 Nxc4 14. Qc6+ Nd7
15. Qxc4 Ne5 16. Qa4+ c6 17. Bf4 Nd3+ 18. Kf1 Nxf4 19. Qxc6+ Kf8 20. Nxf4 Bf5
21. Rd1 Qb8 22. Qd6+ Kg8 23. Qxb8+ Rxb8 24. Rd2 Kh7 25. g4 Bg6 26. Nxg6 Kxg6
27. Kg2 Rhe8 28. Na4 Rec8 29. Rhd1 Rc6 30. Rd6 Rbc8 31. Rxc6 Rxc6 32. Rd3 e5
33. b4 e4 34. Re3 f5 35. gxf5+ Kxf5 36. Nc5 Ke5 37. Rxe4+ Kd5 38. f3 a5 39. Kf2
g5 40. Nd3 Rc3 41. Ke3 Rxa3 42. Re5+ Kc4 43. Rc5+ Kb3 44. Rxa5 Rxa5 45. bxa5
Ka4 46. a6 Kb5 47. a7 Kb6 48. a8=Q Kb5 49. Kd4 Kb6 50. Kd5 Kb5 51. Qc6+ Ka5 52.
Kc5 g4 53. Qb5# 1-0

[Event "NAYCC U18"]
[Site "Montreal CAN"]
[Date "2010.08.17"]
[Round "3"]
[White "Martchenko, Alexander"]
[Black "Dumont, Felix"]
[Result "1-0"]
[WhiteElo "2384"]
[BlackElo "2070"]
[PlyCount "113"]
[EventDate "2010.08.16"]
[EventType "swiss"]
[EventRounds "7"]
[EventCountry "CAN"]

1. e4 e6 2. d4 d5 3. e5 c5 4. c3 Nc6 5. Nf3 Bd7 6. a3 f6 7. Bd3 fxe5 8. dxe5
Qc7 9. Bf4 Nge7 10. h4 g6 11. h5 gxh5 12. Rxh5 O-O-O 13. b4 Bg7 14. Qe2 Be8 15.
Rxh7 Ng6 16. Bxg6 Bxg6 17. Rh2 Rxh2 18. Bxh2 cxb4 19. axb4 d4 20. b5 Na5 21.
Qa2 Bxb1 22. Rxb1 Qxc3+ 23. Kf1 Kb8 24. Bf4 Qc4+ 25. Qxc4 Nxc4 26. Rb4 Nb6 27.
Rxd4 Rxd4 28. Nxd4 Nd7 29. Nxe6 Bxe5 30. Bxe5+ Nxe5 31. f4 Nc4 32. Ke2 Nd6 33.
Nd4 Kc7 34. g4 a6 35. g5 Kd7 36. f5 axb5 37. Ke3 Ke7 38. Kf4 b4 39. Nb3 b6 40.
Nd2 Kf7 41. Ne4 Ne8 42. Nd2 Nd6 43. Ke5 Ne8 44. Nb3 Nc7 45. Nd4 Ne8 46. Kd5 Ng7
47. Ke5 Ne8 48. Nb3 Nc7 49. f6 Ne8 50. Nd4 Nc7 51. Kf5 Kf8 52. g6 b5 53. Ne6+
Nxe6 54. Kxe6 b3 55. f7 b2 56. Kf6 b1=N 57. g7# 1-0

[Event "NAYCC U18"]
[Site "Montreal CAN"]
[Date "2010.08.17"]
[Round "3"]
[White "Posaratnanathan, Roy"]
[Black "Poulin, Mathieu"]
[Result "0-1"]
[WhiteElo "1179"]
[BlackElo "1955"]
[PlyCount "48"]
[EventDate "2010.08.16"]
[EventType "swiss"]
[EventRounds "7"]
[EventCountry "CAN"]

1. e4 c6 2. d4 d5 3. e5 Bf5 4. Nf3 e6 5. Be2 c5 6. c3 Nc6 7. O-O Qb6 8. a3 cxd4
9. cxd4 Nge7 10. Nc3 Bg6 11. b4 Nf5 12. Be3 Be7 13. b5 Na5 14. Qa4 Rc8 15. Rfc1
O-O 16. Qd1 Nc4 17. Bxc4 Rxc4 18. Nd2 Rc7 19. Nb3 Rfc8 20. Nc5 Nxe3 21. fxe3
Bxc5 22. dxc5 Rxc5 23. Qd2 Qa5 24. Ne4 Qxd2 0-1

[Event "NAYCC U18"]
[Site "Montreal CAN"]
[Date "2010.08.17"]
[Round "3"]
[White "Shen, Victor"]
[Black "Mai, Lloyd"]
[Result "1-0"]
[WhiteElo "2339"]
[BlackElo "2366"]
[PlyCount "115"]
[EventDate "2010.08.16"]
[EventType "swiss"]
[EventRounds "7"]
[EventCountry "CAN"]

1. e4 c5 2. Nf3 d6 3. d4 cxd4 4. Nxd4 Nf6 5. Nc3 g6 6. h3 Bg7 7. g4 Nc6 8. Nde2
Qb6 9. Bg2 Ne5 10. O-O Be6 11. a4 O-O 12. b3 Rac8 13. Be3 Qa5 14. Nb5 a6 15.
Nbd4 Bxg4 16. hxg4 Nexg4 17. Qd3 Qh5 18. Rfd1 Nxe3 19. Qxe3 e5 20. Nf3 Rxc2 21.
Ng3 Qh6 22. Qxh6 Bxh6 23. Rxd6 Ng4 24. Nh1 f5 25. exf5 gxf5 26. Ne1 Rb2 27. Bf3
Bf4 28. Nd3 Rd2 29. Bxg4 fxg4 30. Rd5 Re2 31. Kf1 Rc2 32. Nxf4 exf4 33. Rg5+
Kh8 34. Rxg4 Rb2 35. Rd1 Rxb3 36. Rd7 Rb1+ 37. Kg2 f3+ 38. Kh2 Rb6 39. Rh4 h6
40. Ng3 Rff6 41. Rg4 Rb2 42. Ne4 Re6 43. Kg3 Rbb6 44. Kxf3 Rb3+ 45. Kf4 b5 46.
axb5 Rxb5 47. Rd8+ Kh7 48. Rdg8 h5 49. R4g7+ Kh6 50. Ng5 Rf6+ 51. Ke4 Rxg5 52.
Rxg5 Rxf2 53. R8g6+ Kh7 54. Rxa6 Rb2 55. Rxh5+ Kg7 56. Rd5 Kf7 57. Rd7+ Ke8 58.
Rh7 1-0

[Event "NAYCC U18"]
[Site "Montreal CAN"]
[Date "2010.08.17"]
[Round "4"]
[White "Dumont, Felix"]
[Black "Klusa, Mark"]
[Result "1-0"]
[WhiteElo "2070"]
[BlackElo "1478"]
[PlyCount "51"]
[EventDate "2010.08.16"]
[EventType "swiss"]
[EventRounds "7"]
[EventCountry "CAN"]

1. e4 d6 2. d4 g6 3. Nf3 Nf6 4. Nc3 Nc6 5. Be2 Bg4 6. h3 Bd7 7. O-O h5 8. Re1
e5 9. Bg5 Be7 10. Qd2 Qc8 11. Bf1 exd4 12. Nxd4 Nd8 13. Nd5 Ng8 14. Bxe7 Nxe7
15. Qc3 Rg8 16. Nxc7+ Kf8 17. Nxa8 Qxa8 18. Qc7 Bc6 19. Qxd6 Kg7 20. Qxe7 Re8
21. Qg5 Ne6 22. Nxe6+ Rxe6 23. e5 Qe8 24. Bc4 Re7 25. Qf6+ Kh7 26. e6 1-0

[Event "NAYCC U18"]
[Site "Montreal CAN"]
[Date "2010.08.17"]
[Round "4"]
[White "Martchenko, Alexander"]
[Black "Shen, Victor"]
[Result "1-0"]
[WhiteElo "2384"]
[BlackElo "2339"]
[PlyCount "119"]
[EventDate "2010.08.16"]
[EventType "swiss"]
[EventRounds "7"]
[EventCountry "CAN"]

1. e4 c5 2. Nf3 e6 3. c3 Nf6 4. d3 Nc6 5. Nbd2 d5 6. e5 Nd7 7. d4 f6 8. exf6
Nxf6 9. Bd3 cxd4 10. cxd4 Bd6 11. O-O O-O 12. Re1 Bd7 13. Nf1 Qc7 14. Ng3 Rae8
15. Bd2 e5 16. dxe5 Nxe5 17. Nxe5 Rxe5 18. Qb3 Bc6 19. Bb4 Bxb4 20. Qxb4 Rfe8
21. Rxe5 Qxe5 22. Rd1 a5 23. Qd2 Kh8 24. h3 Bd7 25. Be2 Be6 26. Bf3 b6 27. Re1
Qd6 28. Re3 Kg8 29. Rd3 Rd8 30. Rd4 Qe5 31. Nf1 h6 32. Ne3 Rd7 33. Nd1 g5 34.
Nc3 Kg7 35. Nb5 h5 36. Nc3 Bf7 37. g3 Be6 38. Bg2 Bf7 39. Ne2 Re7 40. Kf1 Qf5
41. Nc3 Rd7 42. Kg1 Qe5 43. h4 gxh4 44. Rxh4 d4 45. Ne2 d3 46. Nf4 Bxa2 47.
Nxd3 Qf5 48. Bf1 Bb1 49. Rf4 Qg6 50. Rf3 Ne4 51. Qf4 Ng5 52. Qe5+ Kg8 53. Rf5
Nf3+ 54. Rxf3 Bxd3 55. Bxd3 Rxd3 56. Rf6 Rd1+ 57. Kh2 Qg7 58. Qe8+ Kh7 59.
Qxh5+ Kg8 60. Rg6 1-0

[Event "NAYCC U18"]
[Site "Montreal CAN"]
[Date "2010.08.17"]
[Round "4"]
[White "Posaratnanathan, Roy"]
[Black "Lee, Brendon"]
[Result "1-0"]
[WhiteElo "1179"]
[BlackElo "1428"]
[PlyCount "41"]
[EventDate "2010.08.16"]
[EventType "swiss"]
[EventRounds "7"]
[EventCountry "CAN"]

1. e4 c5 2. Nf3 d6 3. d4 cxd4 4. Nxd4 Nf6 5. Nc3 g6 6. Be3 Bg7 7. f3 O-O 8. Qd2
Nc6 9. O-O-O Bd7 10. g4 a5 11. h4 Rb8 12. h5 Re8 13. hxg6 hxg6 14. Bh6 Bh8 15.
Nf5 Ne5 16. Bg7 Bxg7 17. Nxg7 Nfxg4 18. fxg4 Kxg7 19. Qh6+ Kf6 20. g5+ Ke6 21.
Bh3+ 1-0

[Event "NAYCC U18"]
[Site "Montreal CAN"]
[Date "2010.08.17"]
[Round "4"]
[White "Poulin, Mathieu"]
[Black "Mai, Lloyd"]
[Result "0-1"]
[WhiteElo "1955"]
[BlackElo "2366"]
[PlyCount "68"]
[EventDate "2010.08.16"]
[EventType "swiss"]
[EventRounds "7"]
[EventCountry "CAN"]

1. d4 Nf6 2. c4 g6 3. Nc3 Bg7 4. e4 d6 5. f3 O-O 6. Be3 e5 7. d5 Nh5 8. Nge2 f5
9. Qd2 a5 10. O-O-O Na6 11. Kb1 b6 12. Nb5 fxe4 13. fxe4 Nf6 14. Nec3 Ng4 15.
Be2 Nf2 16. Bxf2 Rxf2 17. Rdf1 Rxg2 18. Qe3 Bg4 19. Bf3 Bxf3 20. Qxf3 Qg5 21.
Qd1 Rf8 22. Rxf8+ Bxf8 23. h3 Qd2 24. Qxd2 Rxd2 25. Kc1 Bh6 26. Kb1 Bf4 27. a3
g5 28. Rd1 Rh2 29. Rd3 h5 30. Nd1 g4 31. hxg4 hxg4 32. Rc3 g3 33. Ne3 Re2 34.
Kc1 Rxe3 0-1

[Event "NAYCC U18"]
[Site "Montreal CAN"]
[Date "2010.08.18"]
[Round "5"]
[White "Klusa, Mark"]
[Black "Posaratnanathan, Roy"]
[Result "0-1"]
[WhiteElo "922"]
[BlackElo "1179"]
[PlyCount "104"]
[EventDate "2010.08.16"]
[EventType "swiss"]
[EventRounds "7"]
[EventCountry "CAN"]

1. d4 Nf6 2. c4 e6 3. Nc3 Bb4 4. a3 Bxc3+ 5. bxc3 O-O 6. Nf3 c5 7. Bg5 h6 8.
Bh4 d5 9. e3 Qa5 10. Qb3 g5 11. Bxg5 hxg5 12. Nxg5 Ne4 13. Nxe4 dxe4 14. f4 Nc6
15. d5 exd5 16. cxd5 Ne7 17. Rd1 Bg4 18. Be2 Bxe2 19. Kxe2 Qa6+ 20. c4 Rad8 21.
Kf2 Rd6 22. Rb1 Rb6 23. Qa2 Nf5 24. Qc2 Re8 25. g4 Nd6 26. Rxb6 Qxb6 27. Qc3
Qa6 28. Rc1 Qa4 29. h4 Qd7 30. h5 Kh7 31. Rg1 Qe7 32. Rg3 Rg8 33. Qe5 Qxe5 34.
fxe5 Nxc4 35. e6 fxe6 36. dxe6 Re8 37. g5 Rxe6 38. g6+ Kh8 39. Rg5 Re5 40. Rg4
Rxh5 41. Rxe4 Nd6 42. Re6 Rd5 43. Ke2 c4 44. e4 Rd3 45. Re7 Rxa3 46. e5 Nf5 47.
Rf7 Re3+ 48. Kd2 Rxe5 49. Rxb7 Rd5+ 50. Kc2 Ne3+ 51. Kc1 a5 52. Rb2 Rd1# 0-1

[Event "NAYCC U18"]
[Site "Montreal CAN"]
[Date "2010.08.18"]
[Round "5"]
[White "Mai, Lloyd"]
[Black "Martchenko, Alexander"]
[Result "1/2-1/2"]
[WhiteElo "2366"]
[BlackElo "2384"]
[PlyCount "131"]
[EventDate "2010.08.16"]
[EventType "swiss"]
[EventRounds "7"]
[EventCountry "CAN"]

1. e4 c6 2. d4 d5 3. Nc3 dxe4 4. Nxe4 Nf6 5. Nxf6+ gxf6 6. Bc4 Bf5 7. c3 e6 8.
Ne2 Bd6 9. Ng3 Bg6 10. f4 h5 11. Qf3 h4 12. Ne4 Bxe4 13. Qxe4 f5 14. Qe2 Nd7
15. Be3 Qc7 16. Rf1 O-O-O 17. O-O-O Nf6 18. Kb1 Rdg8 19. Bc1 Kb8 20. Bb3 Rg6
21. Qf3 Rhg8 22. Rd2 Rg4 23. Rdf2 Qd8 24. c4 Bc7 25. Rd1 Bb6 26. Be3 Qe7 27. d5
exd5 28. Bxb6 axb6 29. cxd5 Qe4+ 30. Qxe4 Nxe4 31. Rc2 cxd5 32. Rxd5 Rxg2 33.
Rd8+ Rxd8 34. Rxg2 Nd2+ 35. Kc2 Nxb3 36. Kxb3 Rd3+ 37. Kc4 Rf3 38. Kd5 Rxf4 39.
Ke5 Rf1 40. Kf6 f4 41. Kg5 f3 42. Rc2 Rg1+ 43. Kxh4 Rg2 44. Rc3 Rxh2+ 45. Kg3
Rxb2 46. Rxf3 Rxa2 47. Rxf7 Re2 48. Rf1 Re6 49. Rc1 Re5 50. Kf4 Re6 51. Kf5 Rc6
52. Rb1 Kc7 53. Ke5 Rc5+ 54. Kd4 Kc6 55. Rh1 Rc2 56. Kd3 Rg2 57. Kc4 b5+ 58.
Kb4 Rg4+ 59. Kb3 Kb6 60. Rh7 Rc4 61. Rg7 Rh4 62. Rf7 Ka6 63. Rf8 b4 64. Ka4 Rc4
65. Rf6+ b6 66. Rh6 1/2-1/2

[Event "NAYCC U18"]
[Site "Montreal CAN"]
[Date "2010.08.18"]
[Round "5"]
[White "Shen, Victor"]
[Black "Poulin, Mathieu"]
[Result "1-0"]
[WhiteElo "2339"]
[BlackElo "1955"]
[PlyCount "67"]
[EventDate "2010.08.16"]
[EventType "swiss"]
[EventRounds "7"]
[EventCountry "CAN"]

1. e4 c6 2. Nc3 d5 3. Nf3 dxe4 4. Nxe4 Bg4 5. Bc4 e6 6. h3 Bh5 7. Ng3 Bg6 8. h4
Nf6 9. h5 Be4 10. Nxe4 Nxe4 11. Qe2 Nd6 12. Bb3 Nd7 13. d4 h6 14. Bf4 Qa5+ 15.
Bd2 Qc7 16. c4 O-O-O 17. O-O-O Nf5 18. g4 Ne7 19. g5 Nf5 20. g6 Nf6 21. Be3
fxg6 22. hxg6 Bd6 23. c5 Nxe3 24. cxd6 Rxd6 25. fxe3 Nd5 26. Ne5 Rf8 27. Rhf1
Rf6 28. Nf7 Rd7 29. Rxf6 Nxf6 30. Bxe6 Qa5 31. Ne5 c5 32. Nxd7 Nxd7 33. dxc5
Qxc5+ 34. Kb1 1-0

[Event "NAYCC U18"]
[Site "Montreal CAN"]
[Date "2010.08.18"]
[Round "6"]
[White "Lee, Brendon"]
[Black "Klusa, Mark"]
[Result "1-0"]
[WhiteElo "1428"]
[BlackElo "922"]
[PlyCount "59"]
[EventDate "2010.08.16"]
[EventType "swiss"]
[EventRounds "7"]
[EventCountry "CAN"]

1. e4 d6 2. d4 Nf6 3. Nc3 g6 4. Nf3 Nc6 5. Bb5 Bd7 6. O-O Bg7 7. Re1 O-O 8. Bg5
a6 9. Ba4 b5 10. Bb3 h6 11. Bh4 Na5 12. e5 dxe5 13. dxe5 Nxb3 14. exf6 exf6 15.
axb3 g5 16. Bg3 f5 17. Be5 f6 18. Bd4 g4 19. Nh4 Kh7 20. Bc5 Rf7 21. Qd5 Be8
22. Qxf5+ Kg8 23. Rad1 Qb8 24. Nd5 Bd7 25. Qg6 Be8 26. Nf5 Kh8 27. Nxg7 Rxg7
28. Qxh6+ Kg8 29. Nxf6+ Kf7 30. Re7+ 1-0

[Event "NAYCC U18"]
[Site "Montreal CAN"]
[Date "2010.08.18"]
[Round "6"]
[White "Mai, Lloyd"]
[Black "Dumont, Felix"]
[Result "1-0"]
[WhiteElo "2366"]
[BlackElo "2070"]
[PlyCount "55"]
[EventDate "2010.08.16"]
[EventType "swiss"]
[EventRounds "7"]
[EventCountry "CAN"]

1. e4 c5 2. Nf3 d6 3. d4 cxd4 4. Nxd4 Nf6 5. Nc3 a6 6. Bg5 e6 7. f4 Qb6 8. Qd3
Qxb2 9. Rb1 Qa3 10. f5 Qa5 11. Be2 Nc6 12. Nxc6 bxc6 13. O-O Be7 14. Bd2 Qc7
15. Rb3 O-O 16. g4 a5 17. g5 Nd7 18. f6 Nc5 19. Qf3 Nxb3 20. cxb3 Bd8 21. e5 d5
22. Bd3 Qxe5 23. Qh3 h6 24. gxh6 g6 25. h7+ Kh8 26. Qh6 Bxf6 27. Qxf8+ Kxh7 28.
Qxf7+ 1-0

[Event "NAYCC U18"]
[Site "Montreal CAN"]
[Date "2010.08.18"]
[Round "6"]
[White "Posaratnanathan, Roy"]
[Black "Martchenko, Alexander"]
[Result "0-1"]
[WhiteElo "1700"]
[BlackElo "2384"]
[PlyCount "56"]
[EventDate "2010.08.16"]
[EventType "swiss"]
[EventRounds "7"]
[EventCountry "CAN"]

1. e4 c5 2. Nf3 Nc6 3. d4 cxd4 4. Nxd4 g6 5. c4 Bg7 6. Be3 Nf6 7. Nc3 d6 8. Be2
O-O 9. O-O Bd7 10. Qd2 Nxd4 11. Bxd4 Bc6 12. Bd3 a5 13. a4 Nd7 14. Bxg7 Kxg7
15. f4 Nc5 16. Bc2 Qb6 17. Qd4+ Kg8 18. Nb5 Bxb5 19. axb5 Rfc8 20. Rf3 Nd7 21.
Qxb6 Nxb6 22. b3 a4 23. bxa4 Rxc4 24. Bd3 Rcxa4 25. Rxa4 Rxa4 26. Bc2 Rc4 27.
Bb3 Rxe4 28. Rc3 Rb4 0-1

[Event "NAYCC U18"]
[Site "Montreal CAN"]
[Date "2010.08.19"]
[Round "7"]
[White "Dumont, Felix"]
[Black "Poulin, Mathieu"]
[Result "1-0"]
[WhiteElo "2070"]
[BlackElo "2056"]
[PlyCount "85"]
[EventDate "2010.08.16"]
[EventType "swiss"]
[EventRounds "7"]
[EventCountry "CAN"]

1. e4 c6 2. d4 d5 3. f3 dxe4 4. fxe4 e5 5. Nf3 exd4 6. Bc4 Be7 7. O-O Be6 8.
Bxe6 fxe6 9. Nxd4 g6 10. Nxe6 Qxd1 11. Ng7+ Kd7 12. Rxd1+ Kc8 13. Nc3 Nd7 14.
Ne6 Ngf6 15. Bf4 Nh5 16. Bd6 Bxd6 17. Rxd6 Ne5 18. Rad1 b6 19. b4 a6 20. Na4
Kb7 21. Rd7+ Nxd7 22. Rxd7+ Kb8 23. Nd8 Rxd8 24. Rxd8+ Kb7 25. Rd7+ Kb8 26.
Rxh7 Ra7 27. Rh6 Re7 28. Rxg6 Kc7 29. Nc3 Nf4 30. Rf6 Ne6 31. g4 Ng5 32. h4
Nxe4 33. Nxe4 Rxe4 34. Rg6 Kd7 35. h5 Ke7 36. h6 Kf7 37. h7 Kxg6 38. h8=Q Rxg4+
39. Kf2 Rxb4 40. Qg8+ Kh5 41. Qh7+ Kg4 42. Qg6+ Kh4 43. Kf3 1-0